| 000 | 01721cam a22003975a 4500 | ||
|---|---|---|---|
| 001 | 14941253 | ||
| 005 | 20150524114957.0 | ||
| 008 | 070725m19982000nyuaj frb 001 0ceng d | ||
| 020 | _a9780140240849 (v.1) | ||
| 020 | _a0670857688 (v. 1) | ||
| 020 | _a0140240845 (v. 1) | ||
| 020 | _a9780140286625 (v. 2) | ||
| 020 | _a0670887943 (hc.) (v. 2) | ||
| 040 |
_aYEP _beng _cYEP _dOCL _dVYM _dOCLCQ _dBAKER _dDLC _dEG-ScBUE |
||
| 043 | _ae------ | ||
| 082 | 0 | 4 |
_a332.109224 _bFER _222 |
| 100 | 1 |
_aFerguson, Niall. _936876 |
|
| 245 | 1 | 4 |
_aThe house of Rothschild / _cNiall Ferguson. |
| 260 |
_aNew York ; _aLondon : _bPenguin Books, _c1998-2000. |
||
| 300 |
_a2 v. : _bill. (some col.) ; _c24 cm. |
||
| 500 | _a"In Great Britain The house of Rothschild was published as first volume by Weidenfeld & Nicolson as The world's banker"--T.p. verso. | ||
| 500 | _a"In Great Britain The house of Rothschild was published as second volume by Weidenfeld & Nicolson as The world's banker" under the title the World's Banker : the history of the house of Rothschild --T.p. verso. | ||
| 500 | _aFirst published in the United States of America by Viking Penguin --T.p. verso. | ||
| 500 | _aIncludes appendices. | ||
| 500 | _aIncludes appendices. | ||
| 504 | _aIncludes bibliographical references and indexes. | ||
| 505 | 0 | _a[v. 1]. Money's prophets, 1798-1848 -- [v. 2]. The world's banker, 1849-1999. | |
| 600 | 3 | 0 | _aRothschild family. |
| 650 | 0 |
_aBankers _zEurope _vBiography. _2BUEsh |
|
| 650 | 0 |
_aBanks and banking _zEurope _xHistory _y19th century. _2BUEsh |
|
| 650 | 0 |
_aJews _zEurope _vBiography. _2BUEsh |
|
| 651 | _2BUEsh | ||
| 653 |
_bBUSADM _cMay2015 |
||
| 655 |
_vreading book _934232 |
||
| 942 |
_2ddc _k332.109224 FER |
||
| 999 |
_c19383 _d19355 |
||